| Поле | Инд. | ПП | Название | Значение |
|---|---|---|---|---|
| Тип записи | m | |||
| Библиографический уровень | m | |||
| 001 | Контрольный номер | d28783a5cd9a427c80bd6cb6cff5d0a6 | ||
| 005 | Дата корректировки | 20260402104247.8 | ||
| 008 | Кодируемые данные | 250521|||||||||ru |||||||||||||||||rus|| | ||
| 020 | a | ISBN | 978-5-907905-30-6 | |
| 040 | a | Служба первич. каталог. | DE | |
| b | Код языка каталог. | rus | ||
| e | Правила каталог. | PSBO | ||
| 084 | a | Индекс другой классификации/Индекс ББК | 72+74.484+95 | |
| 203 | a | Вид содержания | Текст | |
| c | Тип средства | электронный | ||
| 245 | 10 | a | Заглавие | Путь в науку |
| c | Ответственность | Министерство науки и высшего образования Российской Федерации, Федеральное государственное автономное образовательное учреждение высшего образования "Мурманский арктический университет" ; редколлегия: А. А. Ляш (отв. ред.), Е. Ю. Ангелова | ||
| b | Продолж. заглавия | научное электронное издание | ||
| b | Продолж. заглавия | материалы студенческих конференций, Мурманск, 17-20 апреля 2024 г. : сборник материалов | ||
| h | Физич. носитель | Электронный ресурс | ||
| 256 | a | Характеристики компьютерного файла | Электрон. текстовые дан. (1 файл : 3,87 Мб) | |
| 260 | a | Место издания | Мурманск | |
| b | Издательство | Изд-во МАУ | ||
| c | Дата издания | 2025 | ||
| 500 | a | Примечание | URL: https://elib.mauniver.ru/2025/Sb_25_09.pdf | |
| 500 | a | Примечание | Доступ из локальной сети Мурманского арктического университета. - Загл. с титул. экрана | |
| 500 | a | Примечание | Имеется аналог CD-ROM 2025 г. | |
| 500 | a | Примечание | Библиогр. в конце ст. | |
| 520 | 0_ | a | Аннотация | В сборник включены доклады участников Всероссийской научно-технической конференции "Молодежная научно-техническая конференция института прикладных арктических технологий" (17−19 апреля 2024 г.) и региональной научно-практической конференции "Системы. Технологии. Знания (СИнТЕЗ-2024)" (Мурманск, 17−20 апреля 2024 г.). Представленные материалы охватывают широкий спектр вопросов и могут быть полезны для студентов, аспирантов, преподавателей, научных работников и всех интересующихся проблемами устойчивого развития Арктической зоны Российской Федерации. |
| 583 | x | Служебное примечание | Полнотекстовые документы | |
| x | Служебное примечание | Труды преподавателей МАУ | ||
| 651 | _4 | a | Географическое наименование | Арктика |
| 651 | _4 | a | Географическое наименование | Баренцево море |
| 651 | _4 | a | Географическое наименование | Воронежская область |
| 651 | _4 | a | Географическое наименование | Глубокое, озеро |
| 651 | _4 | a | Географическое наименование | Калининградская область |
| 651 | _4 | a | Географическое наименование | Кольский Север |
| 651 | _4 | a | Географическое наименование | Ледовое, озеро |
| 651 | _4 | a | Географическое наименование | Мурманск |
| 651 | _4 | a | Географическое наименование | Светлогорск, город |
| 651 | _4 | a | Географическое наименование | Семеновское, озеро |
| 651 | _4 | a | Географическое наименование | Среднее, озеро |
| 651 | _4 | a | Географическое наименование | Чистое, озеро |
| 653 | 0_ | a | Ключевые слова | Труды преподавателей МАУ |
| a | Ключевые слова | 3D-печать; 3D-принтеры; BIM-технологии; Diptrace; HelpDesk; MATLAB; Unreal Engine; Автобусы; Автоклавы; Автоматизированные системы; Автономная система питания троллейбусов; Анализ данных; Ахатина гигантская; БАД; Безопасность дорожного движения; Безопасность мореплавания; Биологически активные добавки; Веб-приложения; Визуализация данных; Геоинформационные системы; Грузы сыпучие; Диоды ультрафиолетовые; Загрязнение водных объектов; Инженерные системы; Информационное моделирование; Искусственный интеллект; Камбала; Кондуктометрия; Конференции Всероссийские; Коптильно-сушильные установки; Лазерное сканирование; Математическая статистика; Математическое моделирование; Материалы конференций; Медицина; Межпредметные связи; Методика преподавания математики; Методика преподавания физики; Молоко альтернативное; Молоко натуральное коровье; Морские перевозки; Морской лед; Нитраты; Озера Мурманска; Окружающая среда; Оптимизация дорожного движения; Пиколинат хрома; Пикша; Пищевые добавки; Пожарная безопасность; Предиктивная аналитика; Прогнозирование; Программа GeoGebra; Программирование; Программное обеспечение; Промысловые рыбы; Работы высотные; Сборники научных статей; Снежноягодник белый; Снежный покров; Сосна обыкновенная; Средства индивидуальной защиты; Стерилизация; Сточные воды; Теория вероятностей; Теплоизоляционные материалы; Теплообмен; Транспортная инфраструктура; Треска; Трехмерное компьютерное зрение; Фармация; Флуктуирующая асимметрия; Цифровой двойник; Цифровые технологии; Чат-бот; Электронные версии | ||
| 700 | 12 | a | Другие авторы | Ляш А. А. |
| e | Роль лиц | Редактор | ||
| 700 | 12 | a | Другие авторы | Ангелова Е. Ю. |
| e | Роль лиц | Редактор | ||
| 856 | 40 | u | URL | https://elib.mauniver.ru/2025/Sb_25_09.pdf |
| 901 | t | Тип документа | m |